| 000 | 00631nam a2200193Ia 4500 | ||
|---|---|---|---|
| 003 | SGT | ||
| 020 | _a9971511770 | ||
| 082 |
_a621.317 _bMOH |
||
| 100 | _aMohan,Ned | ||
| 245 | _aPower electronics | ||
| 250 | _a2nd Ed. | ||
| 260 |
_bJohn Wiley & Sons _aNew York _c2001 |
||
| 300 | _a802p. | ||
| 650 | _aELECTRONICS ENGINEERING | ||
| 653 | _aPOWER ELECTRONIC SYSTEMS,OVERVIEW OF POWER SEMICONDUCTOR SWITCHES ,REVIEW OF BASICS ELECTRICAL AND MAGNETIC CIRCUIT CONCEPTS,COMPUTER SIMULATION OF POWER ELECTRONIC CONVERTERS,POWER SUPPLY APPLICATIONS | ||
| 700 | _aRobbins,William P | ||
| 700 | _aUndeland,Tore M | ||
| 942 |
_2ddc _cBK |
||
| 999 |
_c5352 _d5352 |
||